Lesostav spol. s r. o. Liptovský Hrádok

Bibliographic Details
Main Author: Brezula, Drahoš (Author, Interviewer)
Format: Article
Language:Slovak
PhysicalDescription:Fotogr.
ISSN:1337-088X
Subjects:

MARC

LEADER 00000nab a2200000 a 4500
001 vtls009090868
003 SK-MaSNL
005 20260305032546.0
008 250526c2007 xo |||||||||||000 b|slo
015 |a SNBRB2007/09  |2 snkbucl 
035 |a (uuid)bf7019fd-6fee-49e0-a174-d8a799e7db4f 
035 |a urn:nbn:sk:snk-ab10tc 
035 |a (urnnbn)urn:nbn:sk:snk:ar-005bpm 
038 |a SNKBUCL 
040 |a SNKBUCL  |b slo  |c SNKBUCL  |e AACR2 
041 0 |a slo 
044 |a xo  |c SK 
080 |a 630*38:061.5  |x (437.6)  |2 1997 
100 1 |a Brezula, Drahoš  |4 ivr  |4 aut  |9 688288 
245 1 0 |a Lesostav spol. s r. o. Liptovský Hrádok  |c Drahoš Brezula, Július Graňák 
300 |b Fotogr. 
610 2 7 |a Lesostav (Liptovský Hrádok, Slovensko)  |2 snkbucl  |9 1612000 
650 0 7 |a stavebné práce  |2 snkbucl  |9 68050 
650 0 7 |a lesné hospodárstvo  |2 snkbucl  |9 1256 
651 7 |a Liptovský Hrádok (Slovensko)  |2 snkbucl  |9 30565 
651 7 |a Liptovský Mikuláš (Slovensko : okres)  |2 snkbucl  |9 31431 
700 1 |a Graňák, Július  |4 ive  |9 1612001 
773 0 |t Les & Slovenské lesokruhy  |g Roč. 63/6, č. máj - jún (2007), s. 46-47  |x 1337-088X 
850 |a Slovenská národná knižnica 
852 |a Slovenská národná knižnica 
954 |a odborná, vedecká literatúra pôvodná (slovenská)  |2 lita 
958 |a ONDV 
958 |a article2022 
958 |a SK 
999 |c 3320613  |d 3322543